000 01039cam a2200301 a 4500
008
020 _a0443052913 (pbk.)
049 _aMAIN
090 _aRT98
_bCOM
245 0 0 _aCommunity health care nursing /
_cedited by Carmel Blackie ; associate editor, Frances M. Appleby ; foreword by Jean A. Orr.
260 _aEdinburgh :
_bChurchill Livingstone,
_c1998.
300 _a271 p. :
_bill. ;
_c25 cm.
500 _aIncludes index.
504 _aIncludes bibliographical references.
650 0 _aCommunity health nursing.
650 0 _aPrimary health care.
650 2 _aCommunity Health Nursing
_xorganization & administration.
650 2 _aPrimary Health Care
_xorganization & administration.
650 2 _aNurse Practitioners.
650 2 _aHealth Services Needs and Demand.
700 1 _aBlackie, Carmel.
700 1 _aAppleby, Frances M.
907 _a.b10360323
_b03-09-15
_c01-09-15
003
005 20230123122147.0
040 _cNUST
942 _cBOOKS
_kRT98
_mCOM
999 _c128839
_d128839